header

The politics of social work (Record no. 232038)

MARC details
000 -LEADER
fixed length control field 01211nam a2200325Ia 4500
100 1# - MAIN ENTRY--AUTHOR NAME
Personal name Powell, Frederick W.
245 14 - TITLE STATEMENT
Title The politics of social work
260 ## - PUBLICATION, DISTRIBUTION, ETC. (IMPRINT)
Place of publication Thousand Oaks, Calif. ;
-- London :
Name of publisher SAGE,
Year of publication 2001.
300 ## - PHYSICAL DESCRIPTION
Number of Pages 186 p.
650 #0 - SUBJECT ADDED ENTRY--TOPICAL TERM
Topical Term Social service
Topical Term Human services.
856 40 - ELECTRONIC LOCATION AND ACCESS
Uniform Resource Identifier http://site.ebrary.com/lib/rucke/Doc?id=10218143

No items available.

© 2026 Rongo University
Contact us: librarian | system librarian | Rongo university